MDQL
is popping MORE tags! Check the
thread
!
Quizzes
Events
Quiz Creation
Community
Videos
Private Events
Remove Ads
Sign In
Join for FREE
Feedback
Dark Mode
Quiz Categories
Sports
Geography
Music
Movies
Television
Just For Fun
Miscellaneous
History
Literature
Language
Science
Gaming
Entertainment
Religion
Holiday
For Kids
Quiz Lab
Recent
Popular Today
Quiz Kudos Today
Editor Picks
Curator Picks
Quizzes by...
Day
Popularity
Type
Ratings
Length
Year
Community
Subscriptions
Recent Discussions
Orange Saloon
Badges
Playlists
Quests
Create
Leaderboards
Showdown
Live 5
Trivia Bingo
Activity
Puzzle Library
Sporcle Events
Private Events
Virtual Trivia
Globe League
Become a Host
Pub Owners
SporcleCon
Opinionation
Our Games
Videos
Blog
Mobile Apps
Partnerships
Remove Ads and Go Orange
Feedback
Sports
Athletes
MLB
NBA
NHL
NFL
Soccer
Sports Teams
WWE
NCAA
Football
Premier League
Basketball
Baseball
Hockey
Golf
Tennis
Cricket
Rugby
Auto Racing
Olympics
World Cup
Sports
Athletes
MLB
NBA
NHL
NFL
Soccer
Sports Teams
WWE
NCAA
Football
Premier League
Basketball
Baseball
Hockey
Golf
Tennis
Cricket
Rugby
Auto Racing
Olympics
World Cup
Random Quiz
Search Sporcle
×
Quiz Lab
Quiz Lab
Sports
Top Scorers
Type in answers that appear in a list
Type in answers that appear in a list
Classic
Best Score? Go Orange.
Man United Top Scorers Stats
Can you name the Man United Top Scorers?
By
XXXTREY
10m
50 Questions
42 Plays
42 Plays
42 Plays
Comments
Comments
Give Quiz Kudos
Give Quiz Kudos
-
- Ratings
hide this ad
Replay
Link that replays current quiz
Next Quiz
Link to next quiz in quiz playlist
You Got
0%
They Got
Avg Score
31%
Avg Friend Score
Upgrade to see
Score Distribution
Jump to the score distribution portion of the page
Score
0/50
Timer
10:00
0
Plays Today
Hint
Answer
% Correct
GIggs
95.2%
Rooney
95.2%
Scholes
85.7%
Ronaldo
78.6%
Cole
78.6%
Van NIstelrooy
78.6%
Van Persie
76.2%
Yorke
76.2%
Beckham
71.4%
Charlton
71.4%
Solskjaer
66.7%
Best
61.9%
Berbatov
59.5%
Cantona
59.5%
Hughes
54.8%
Law
54.8%
Hernandez
47.6%
Robson
38.1%
Bruce
28.6%
Mcclair
28.6%
Viollet
23.8%
Rowley
21.4%
Taylor
21.4%
Rowley
21.4%
Kidd
19%
Hint
Answer
% Correct
Coppell
14.3%
Wall
14.3%
Hill
11.9%
Whiteside
11.9%
Stapleton
11.9%
Macari
11.9%
Pearson
9.5%
Mcilroy
9.5%
Herd
9.5%
Pearson
9.5%
Dawson
7.1%
Whelan
4.8%
Quixall
4.8%
Mitten
4.8%
Reid
4.8%
West
4.8%
Cassidy
4.8%
Turnbull
4.8%
Spence
4.8%
McPherson
2.4%
Hanson
2.4%
Halse
2.4%
Bamford
2.4%
Peddie
2.4%
Donaldson
2.4%
Quiz Playlist
Details
Report
Send in Message
Add To Playlist
Classic:
Type in answers that appear in a list
Last Updated: Jun 26, 2017
Quiz Scoreboard
CHALLENGE
Sign Up to Join the Scoreboard
Show All
Scores
Hide
Comments
May contain spoilers
Recently Published
Two Season TV Shows II
by 123Four
Television
10m
Image Sorting: Flags VI
by Barbecue
Geography
2m
Find the 'City' Movie
by crazypaving
Movies
60s
More to Explore
Quiz From the Vault
Featured Blog Post
14 Easter Pick-up Lines to Find Eggs With
hide this ad
You Might Also Like...
Tags
Man
Scorer
Top Scorers
United
Today's Top Quizzes in Sports
Browse Sports
hide this ad
Today's Top Quizzes in Top Scorers
Browse Top Scorers
Top Contributed Quizzes in Sports
1
Les meilleurs buteurs des matchs entre le PSG et l’OM
2
Les entraîneurs de l'OM et du PSG au 21e siècle
3
2022 World Cup Stars
4
Les joueurs passés par le PSG et l'OM
5
Players with Multiple 50 Home Run Seasons
6
FIFA Club World Cup Champions
7
Criteria MLB: Left Handed Sluggers
8
Les joueurs passés par le LOSC et le RC Lens
9
Top 10 NHL Goal Scorers of All Time
10
NBA Logic Puzzle 2.0
Explore More
Trending Topics
NBA
Marvel
Anime
Disney
Crossword
Kpop
Harry Potter
NFL
The Office
Soccer
Puzzle
Song
WWE
Country
Pokémon
hide this ad
More By:
XXXTREY
Quiz
Plays
Rating
Category
Featured
Created
Man United Top Scorers
42
Sports
Jun 26, 2017
Go to Creator's Profile
Score Distribution
Quiz Creator Spotlight
XXXTREY
Follow
Send a Message
Quizzes Created
-
Created Quiz Play Count
-
More By This Creator
Popular Quizzes Today
1
Find the US States - No Outlines Minefield
2
Colored Red Africa Blitz
3
Find the 'City' Movie
4
5x2 Blitz: Bands
5
The Countries of the World
6
Find the Countries of Europe - No Outlines Minefield
7
Find the US States
8
US States
More Sports Quizzes
Les Cols Hors Catégories de France
Quiz Lab
Trending Quizzes
Colored Red Europe Blitz I
Colored Red Africa Blitz II
Colored Red Europe Blitz II
Colored Red Africa Blitz III
Even More Two Season TV Shows
Recently Updated
March Madness Men's Triple Doubles
pecheneg
How Do You Spell That?
pecheneg
Godzilla Movies
pecheneg
Grab Bag: 4-10 Letters
pecheneg
2024 March Madness Bracket
pecheneg
Famous TV Couples
Peacemaker
Champions League XIs: Real Madrid
pecheneg
Largest US Cities 1790-2010
pecheneg
Rides in Walt Disney World
pecheneg
Most Oscar Losses (Acting)
pecheneg
Trending Topics
Harry Potter
Disney
Kpop
Crossword
Marvel
NBA
Anime
Country
Puzzle
Soccer
NFL
The Office
WWE
Pokémon
Song
Your Account Isn't Verified!
In order to create a playlist on Sporcle, you need to verify the email address you used during registration. Go to your
Sporcle Settings
to finish the process.
Report this User
Report this user for behavior that violates our
Community Guidelines
.
Details:
Send Report
Go to the Sporcle.com Mobile Site →
Comments